| 000 | 00860nam a2200265I 4500 | ||
|---|---|---|---|
| 001 | 45263 | ||
| 003 | BD-RjUL | ||
| 005 | 20211209054004.0 | ||
| 008 | 160725s1955 onc 000 0 eng c | ||
| 035 | _aMITb10942124 | ||
| 035 |
_a(OCoLC)00912632 _a(BD-RjUL)45381 |
||
| 040 |
_aNED _cNED _dUKM _dMYG _dBD-RjUL _beng |
||
| 041 | _aeng | ||
| 082 | 0 | 4 |
_218 _a338.2748 _bMAC 1955 |
| 100 | 1 |
_aMain, O. W. _9138650 |
|
| 245 | 1 | 4 |
_aThe Canadian nickel industry : _ba study in market control and public policy / |
| 260 |
_aToronto : _bUniversity of Toronto Press, _c1955. |
||
| 300 |
_aix, 168 p. : _bill. ; _c26 cm. |
||
| 490 | 1 |
_aCanadian studies in economics ; _vno. 4 |
|
| 504 | _aBibliography: p. 159-163. | ||
| 650 | 0 |
_aNickel industry _zCanada. _9138651 |
|
| 830 | 0 |
_aCanadian studies in economics ; _v4. _9133847 |
|
| 942 |
_2ddc _cBK |
||
| 999 |
_c45263 _d45263 |
||